History Quiz

Random History Quiz

U.S History People Quiz Stats

Quiz not verified by Sporcle

Challenge
Share
Tweet
Embed
Score 0/14 Timer 04:00
0 Plays Today
What did they do? Who were they? % Correct
invented the telephoneAlexander Graham Bell
92%
invented the light bulb and many other mechanical uses of electricityThomas Edison
90.7%
captain of the oil industryJohn D. Rockefeller
85.3%
captain of the steel industryAndrew Carnegie
76%
a Lakota who defeated Custer at the Battle of Little BighornSitting Bull
74.7%
Apache Indian who fought against the American army many timesGeronimo
54.7%
started the Reconstruction program after the Civil WarAbraham Lincoln
52%
What did they do? Who were they? % Correct
leader of the Nez Perce IndiansChief Joseph
48%
urged fellow Southerners to reunite and reconcileRobert E. Lee
48%
captain of the shipping & railroad industryCornelius Vanderbilt
45.3%
believed African-Americans could achieve equality through vocational educationBooker T. Washington
37.3%
founded the Hull House in ChicagoJane Addams
33.3%
campaigned for a constitutional amendment that guaranteed voting rights for all peopleFrederick Douglass
30.7%
demanded full equal rights for African-AmericansW.E.B. DuBois
21.3%

You're not logged in!

Compare scores with friends on all Sporcle quizzes.
Join for Free
OR
Log In

You Might Also Like...

Show Comments

Extras

Created Nov 13, 2011ReportNominate
Tags:US History

Top Quizzes Today


Score Distribution

Your Account Isn't Verified!

In order to create a playlist on Sporcle, you need to verify the email address you used during registration. Go to your Sporcle Settings to finish the process.

Report this User

Report this user for behavior that violates our Community Guidelines.

Details: